| 000 | 00475nam a2200157Ia 4500 | ||
|---|---|---|---|
| 005 | 20250405110315.0 | ||
| 008 | 231217s9999 xx 000 0 und d | ||
| 020 | _a9788170946625 | ||
| 082 | _a658.8 ARN;1 R | ||
| 100 | _aArnold, Curtis M. | ||
| 245 | 0 | _aTiming the market : how to profit in bull and bear markets with technical analysis | |
| 260 |
_c2007 _bVision Books _aNew Delhi |
||
| 300 | _a232 | ||
| 650 | _aTiming,market,profit,bull,bear,markets | ||
| 942 | _cAA | ||
| 999 |
_c191706 _d191706 |
||